000 00313nam a22001337a 4500
008 171220b xxu||||| |||| 00| 0 eng d
020 _a9780195386394
041 _aeng
080 _a616.8
100 _a7
101 _aTRU
245 _aMANAGEMENT OF EARLY PARKINSONS DISEASE
_cKELLY.L
942 _2udc
_cBK
999 _c39211
_d39211